| 000 | 00823nam a2200253 a 4500 | ||
|---|---|---|---|
| 999 |
_c11474 _d11474 |
||
| 001 | 11474 | ||
| 003 | BD-JhCC | ||
| 005 | 20190925114959.0 | ||
| 008 | 190625b19902013bg a|||| ||a| 000 0 ben d | ||
| 020 | _a9789849025573 | ||
| 035 | _a(BD-JhCC)11474 | ||
| 040 |
_aBD-JhCC _dBD-JhCC |
||
| 041 | _aben | ||
| 082 |
_bRAH 2013 _a920 |
||
| 100 | _aরাহমান, শামসুর | ||
| 245 |
_aশহীদ নূর হোসেন / _cশামসুর রাহমান, মতিউর রহমান । |
||
| 260 |
_aঢাকা: _bপ্রথমা প্রকাশনী; _c২০১৩. |
||
| 300 |
_a৬৮ পৃ. : _bill; _c ২২ সেমি. |
||
| 600 | _aHossain, Nur | ||
| 650 | _aBiography | ||
| 700 | _aরহমান, মতিউর | ||
| 942 |
_2ddc _cBK |
||